[Event "Elbow Beach Club GM-B"]
[Site "Paget Parish"]
[Date "2001.01.22"]
[Round "4"]
[White "Becerra Rivero, Julio"]
[Black "Teplitsky, Yan"]
[Result "1/2-1/2"]
[WhiteElo "2538"]
[BlackElo "2446"]
[Annotator "Gofshtein,L"]
[PlyCount "109"]
[EventDate "2001.01.19"]
[EventType "tourn"]
[EventRounds "11"]
[EventCountry "BER"]
[EventCategory "9"]
[SourceTitle "CBM 081"]
[Source "ChessBase"]
[SourceDate "2001.03.20"]
[SourceVersion "1"]
[SourceVersionDate "2001.03.20"]
[SourceQuality "1"]

1. e4 c5 2. Nf3 d6 3. d4 cxd4 4. Nxd4 Nf6 5. Nc3 Nc6 6. Bg5 e6 7. Qd2 a6 8.
O-O-O h6 9. Be3 Bd7 10. f3 (10. f4) 10... b5 11. Nxc6 {This move is included
to White's plan. Another Nc3 will go to the d4 square.} (11. g4 Ne5 12. g5 $6 (
12. Bd3 $14) 12... hxg5 13. Bxg5 Qc7 14. Kb1 b4 15. Nce2 Nc4 16. Qe1 Rc8 17.
Nc1 a5 18. Bd3 Qc5 19. Qg1 a4 20. Nce2 Be7 $17 {Van Riemsdijk,H-Lobron,E
Manila izt (08) 1990 1/2 59}) (11. Kb1 Ne5 12. a3 Qc7 13. g4 Rb8 14. h4 g6 15.
Be2 Nc4 16. Bxc4 Qxc4 17. g5 hxg5 18. hxg5 Rxh1 19. Rxh1 Nh5 20. b3 Qc7 $14 {
Belotti,B-Garbett,P Novi Sad olm (1) 1990 1-0 33}) (11. Bd3 $5) 11... Bxc6 12.
Ne2 {White carries out his plan.} (12. Qf2 Qc7 13. Kb1 Be7 14. g4 $2 b4 15. Ne2
d5 $1 16. Bb6 (16. e5 Nd7) 16... Qb7 17. e5 Nxg4 $1 $17 {Leko,P-Kortschnoj,V
Dortmund (03) 1994 0-1 45}) (12. Kb1 Qc7 13. Bd3 Be7 14. Qf2 Nd7 15. h4 Ne5 16.
Bb6 Qb7 17. Bd4 Bf6 18. g4 O-O-O 19. a3 $14 {Dolmatov,S-Tukmakov,V Groningen 
(2) PCA 1993}) 12... Be7 (12... Qc7 13. Nd4 Bd7 {this move is better than Bb7
because Black can play e6-e5 in future.} (13... Bb7 14. g4 Rc8 15. Bd3 Nd7 16.
h4 $40 {1-0 Malisauskas,V-Lerner,K/Lubniewice 1994/CBM 45/ (23)}) 14. g4 g6 {
[%csl Rf5]} (14... Rc8 15. Kb1 e5 16. Nf5 Be6 17. c4 $5 bxc4 18. Nxd6+ Bxd6 19.
Qxd6 Qb7 $132 {Campora,D-Lobron,E Biel 1987 1-0 38}) 15. Kb1 Rc8 16. Nb3 e5 $5
{[%csl Rd4]} 17. Qf2 Be6 18. Bd3 d5 $132 {0-1 Gipslis,A-Veingold,A/URS 1979/
MCD (43)}) (12... Bb7 13. g4 d5 $6 (13... Be7 $5) 14. e5 Nd7 15. Bd4 Qg5 (15...
Be7 16. f4 $16) 16. Nf4 $1 Bb4 (16... Nxe5 17. h4 Qf6 18. Nh5 Qxf3 19. Bxe5
Qxh1 20. Bxb5+ $18) 17. Qxb4 (17. c3 Ba5 $14) 17... Qxf4+ 18. Kb1 Qxf3 (18...
Nxe5 19. Qd6 (19. Bxb5+ $2 axb5 20. Qxb5+ Bc6 21. Bxe5 Bxb5 22. Bxf4 Be2 $10)
19... Ng6 (19... Nd3 20. Qb6 $18) 20. Qb6 $16) 19. Bd3 $44) (12... e5 13. Ng3
Bd7 14. Kb1 Qc7 15. Rc1 Be6 16. f4 Be7 17. f5 Bc4 18. Bd3 Rd8 {1/2-1/2 Vatter,
H-Osieka,U/Germany 1991/GER-chT2 (18)}) 13. Nd4 ({Here White played also} 13.
Kb1 {usual leads to another moves order.} Rc8 14. Nd4 Bb7 15. g4 (15. h4 Nd7 {
1/2-1/2 Renet,O-Dorfman,J/Cannes 1994/EXT 97 (15)}) 15... Nd7 16. Be2 Qc7 17.
h4 h5 18. gxh5 Rxh5 19. Bg5 Qb6 $132 {1/2-1/2 Mrdja,M-Ashley,M/Cannes 1998/CBM
63 ext (41)}) 13... Bb7 14. g4 {Standard plan of PP Attack on the kingside.} ({
Not so effective plan without g2-g4 and h2-h4 promotions:} 14. Kb1 Nd7 15. Qf2
O-O 16. Qg3 Kh8 17. Qh3 Rc8 18. Bd3 Ne5 $132 {0-1 Ciemniak,R-Krakops,M/Berlin
1995/CBM 47 ext (37)}) 14... Nd7 15. Kb1 Qc7 16. g5 (16. h4 {met by} d5 $1 {
with sufficient counterplay.} 17. exd5 Bxd5 18. Be2 Rc8 19. g5 h5 20. g6 fxg6
21. Rhg1 Ne5 22. f4 Nc4 23. Qd3 O-O 24. Qxg6 Bf6 $36 {0-1 Arakhamia,K-Grabics,
M/Pula 1997/CBM 57 ext (44)}) 16... hxg5 17. Bxg5 Nf6 $5 ({Looks dangerous} 
17... Bxg5 18. Qxg5 g6 19. Nxe6 fxe6 20. Qxg6+ Kd8 21. Qxe6 $44) 18. Rg1 Rd8
19. h4 g6 20. Bh3 {[%csl Re6][%cal Yh3e6,Yd4e6] threatening Bxe6.} e5 21. Nb3 (
21. Ne2 d5 $36) 21... Nh5 {[%csl Rf4] Struggle surroung f4 square.} ({here was
possible} 21... d5 $5 22. exd5 Nxd5 $132) 22. Bg4 Bxg5 23. hxg5 (23. Qxg5 Nf4
24. Qf6 Rh7 {[%cal Gc7e7] White activity is stopped, and after eventual Qc7-e7
position of Black becames better.}) 23... Nf4 24. Nc1 {With the idea of active
Nf4 exchange.} ({Worth of attention} 24. Rh1 $5) 24... d5 {Black starts
counterplay in the center. Black had to hasten because after eventual NN
exchange White will try to open the center by f3-f4 promotion, and Black K can
be vulnerable.} 25. exd5 Rxd5 26. Nd3 (26. Qf2 Qd8) 26... Nxd3 27. cxd3 Kf8 {
improving Black K location.} 28. Rc1 Qd6 29. Rgd1 Rd4 30. Ka1 (30. Qc2 Kg7 31.
Qc7 Ba8 32. Qxd6 Rxd6 33. Rc5 Bd5 $15) 30... Kg7 {Position of Black looks
better.} 31. Qe2 Bd5 32. Re1 {[%csl Re5][%cal Ye2e5] White threatens to take
on e5.} Ra4 (32... Re8 33. Qh2 Rh8 $8 34. Qxe5+ Qxe5 35. Rxe5 Rxd3 $15) 33. a3
Rd4 {[%csl Rd3][%cal Rd4d3] Black activity on the queenside is refuted.} (33...
b4 34. Qxe5+ Qxe5 35. Rxe5 Ra5 $14) 34. Kb1 {White is waiting for Black
activity.} (34. Qxe5+ $6 Qxe5 35. Rxe5 Rxd3 36. f4 Rd4 37. Rd1 Rxf4 38. Rexd5
Rxg4 $36) 34... b4 35. axb4 Rxb4 36. Rc8 $2 ({After} 36. Qxe5+ Qxe5 37. Rxe5
Rh2 {White equalizes by force:} 38. Rc2 Rh1+ (38... Ba2+ 39. Kc1 Rh1+ 40. Kd2
Bb1 41. Rc8 Rxb2+ $11) 39. Rc1 Rh2 40. Rc2 $11) 36... Rxc8 (36... Rh7 37. Re8
e4 38. Qc2 $1 (38. fxe4 Rh2 $19) 38... Bc6 39. Rc8 Bb7 40. Qc3+ Qd4 41. Qxd4+
Rxd4 42. Rc7 exf3 43. Be6 $36) 37. Bxc8 Ra4 $2 (37... Rb5 $1 38. Rc1 (38. Bxa6
$2 Qxa6 39. Qxe5+ f6 $19) (38. Qh2 Ba2+ $1 39. Kxa2 Ra5+ 40. Kb1 Qxd3+ $19)
38... Ra5 39. Rc3 Ba2+ 40. Kc2 Rb5 $36 {with serious initiative because Pe5 is
protected, but White king has no reliable "house".}) 38. Qxe5+ Qxe5 39. Rxe5
Bxf3 40. Kc2 $16 {[%csl Ra6,Rf7] White has advantage in endgame because of
free Pd3, active pieces and difficulties to promote f7-f6 in view of Re5-e7+.}
Ra1 41. b3 (41. b4 $5) 41... Ra2+ 42. Kb1 $6 (42. Kc3 {looks stronger:} Bd1 43.
Bb7 a5 44. Bd5 Re2 45. Be4 Rc2+ 46. Kd4 Rb2 47. Rxa5 Rxb3 48. Ra7 $16) 42...
Re2 $4 $18 (42... Rg2 $14 {[%csl Rb1]}) 43. Rc5 $4 ({After} 43. Rxe2 Bxe2 44.
Bxa6 f6 45. gxf6+ Kxf6 46. Kc2 g5 47. Kd2 Bf1 48. Bc4 g4 49. Ke3 g3 50. d4 Bh3
51. Bd5 $18 {and White wins}) 43... Re7 44. Bxa6 f6 {Black creates free P and
recieves sufficient counterplay in the endgame:} 45. b4 (45. gxf6+ Kxf6 46. Kc2
g5 $132) 45... fxg5 46. Rxg5 Kf6 47. Rg3 Bb7 48. Bc4 (48. Bxb7 Rxb7 49. Rg4 Kf5
50. Rc4 g5 51. Kc2 g4 52. Kd2 g3 53. Ke3 Rg7 54. Rc1 Kg4 $11) 48... g5 49. Rg1
(49. Kc2 Kf5 50. Kc3 Kf4 51. Rg1 g4 $44) 49... Kf5 50. Rf1+ Kg6 51. Kc2 g4 52.
d4 Kg5 53. d5 Rd7 54. Kc3 (54. Rd1 g3 55. Kc3 Kf4 56. Kd4 g2 57. b5 Rg7 58. Rg1
Kf3 $11) 54... Bxd5 55. Bxd5 1/2-1/2

[Event "Bermuda-B"]
[Site "Bermuda"]
[Date "2002.01.21"]
[Round "1"]
[White "Blehm, Pawel"]
[Black "Perelshteyn, Eugene"]
[Result "1-0"]
[WhiteElo "2535"]
[BlackElo "2451"]
[Annotator "Gofshtein,L"]
[PlyCount "85"]
[EventDate "2002.01.21"]
[EventType "tourn"]
[EventRounds "9"]
[EventCountry "BER"]
[EventCategory "8"]
[SourceTitle "CBM 088"]
[Source "ChessBase"]
[SourceDate "2002.03.21"]
[SourceVersion "1"]
[SourceVersionDate "2002.03.21"]
[SourceQuality "1"]

1. e4 c5 2. Nf3 d6 3. d4 cxd4 4. Nxd4 Nf6 5. Nc3 Nc6 6. Bg5 e6 7. Qd2 a6 8.
O-O-O h6 9. Be3 Be7 10. f3 Nxd4 11. Qxd4 b5 12. Kb1 Bb7 {[%mdl 516] Another
line 12...Rb8 with good counterplay as practice shows.} (12... Rb8 $5 13. Qa7 (
13. g4 b4 14. Ne2 e5 15. Qd3 (15. Qd2 Be6 $132 {0-1 Toczek,G-Gara,T/Budapest
2001/CBM 81 ext (55)}) 15... Be6 16. h4 Qa5 17. c4 bxc3 18. Nxc3 O-O 19. g5
Rfc8 $36 {0-1 Kiss,G-Jovanovic,S/Budapest FS09 IM 1996 (26)}) 13... Bb7 $5 (
13... Nd7 14. Bd3 Qa5 15. Ne2 O-O 16. Nd4 Rb7 17. Nc6 Rxa7 18. Nxa5 Rc7 $11)
14. e5 Nd5 15. Nxd5 Bxd5 16. Qxa6 O-O $44) (12... Qa5 13. e5 (13. g4 b4 14. Ne2
e5 15. Qb6 Qxb6 16. Bxb6 Be6 $132) (13. a3 Bb7 14. h4 Rc8 $132 {1/2-1/2
Dutreeuw,M-David,A/Antwerp BEL 1999 (20)}) 13... dxe5 14. Qxe5 Bb7 15. Bd3 O-O
$11 (15... Rc8 16. Bd4 O-O 17. Be4 Bxe4 18. Nxe4 Rfd8 19. Qg3 Ne8 $11 {0-1
Yudasin,L-Greenfeld,A/Rishon le Zion 1996 (31)})) (12... Bd7 13. g4 Rc8 14. a4
Bc6 15. Rg1 e5 16. Qd2 Nd7 $13 {1-0 Bubalovic,D-Rezek,M/Pula 1997/EXT 2000 (44)
}) 13. h4 {Starting to grow the initiative on kingside.} Rc8 (13... d5 $5 14.
exd5 (14. e5 Nd7 15. f4 Qc7 $132 {1/2-1/2 Iordachescu,V-Nevednichy,V/Bucharest
1997/EXT 2001 (48)}) 14... Nxd5 15. Nxd5 Qxd5 16. c4 bxc4 17. Bxc4 Qxd4 18.
Bxd4 O-O $11 {1/2-1/2 Gipslis,A-Lerner Konstantin Z/Yurmala (Latvia) 1983 (50)}
) (13... Qa5 14. Qd2 Rc8 15. Bd3 Nd7 16. Qe1 Ne5 17. h5 Qc7 18. Rc1 Bf6 19. Qg3
$132 {1/2-1/2 Lanka,Z-Varga,P/Cannes 1995 (20)}) 14. Qd2 $5 $146 {Queen moves
back in order to have a possibility to replace the pieces in such order:Bf1-d3,
Qd2-f2.} (14. Bd3 Qc7 15. Bd2 d5 16. exd5 Bc5 17. Qf4 Qxf4 18. Bxf4 Nxd5 $132 {
1/2-1/2 Chuiko,A-Malinin,Y/Tula 1998/EXT 2000 (43)}) (14. Be2 d5 (14... Qa5 15.
Bd3 b4 16. Qa7 Qc7 17. Na4 $132) 15. exd5 Nxd5 (15... Bxd5 16. Nxd5 Nxd5 17.
Bd3 (17. Qxg7 Bf6 18. Qg3 Rxc2 19. Kxc2 Nxe3+ 20. Kb1 Nxd1 21. Rxd1 Qb6 $11)
17... Bf6 $132) 16. Nxd5 (16. Qxg7 Bf6 $19) 16... Bxd5 17. Qxg7 Bf6 18. Qg4
Bxa2+ $1 $11 19. Kxa2 Qa5+ 20. Kb1 Bxb2 {Lasker's combination.} 21. Kxb2 Qc3+
$11 {1/2-1/2 Kasparov,G-Kramnik,V/Frankfurt 1999/CBM 72}) 14... d5 {Typical
breakthrough in the centre.} 15. e5 {White practically sacrificing a pawn
getting instead some compensation.} (15. exd5 Nxd5 $132) 15... Nd7 {[%csl Re5,
Yh4][%cal Ye7h4,Yd7e5]} 16. f4 Bxh4 17. Ne2 $44 {Transferring knight to better
places.} Be7 18. Nd4 Nc5 19. f5 {[%cal Yf5e6,Yf5f6] Trying to open the
position of black king stranded in the centre.} Qc7 20. Bf4 Qb6 21. Be2 Ne4 {
Moving up their pieces to more active positions.} 22. Qd3 $2 {Probably a wrong
trap from white side which black not used for unclear reasons.} (22. Qe3 exf5
23. Nxf5 Qxe3 24. Bxe3 Rg8 25. Rhf1 $44) (22. Qe1 Bc5 23. Be3 exf5 $17) 22...
Bc5 $2 (22... Nf2 $1 23. Qg3 Nxh1 24. Qxg7 Nf2 25. Qxh8+ Kd7 $19) 23. fxe6 fxe6
24. Bh5+ Ke7 25. Nb3 {After lost chance of simple winning from black's white
have sufficient counterplay for sacrificed pawn due to unconvenient place of
black's king.} Rhf8 26. Rhf1 g5 {Trying to undertake an active defence.} 27.
Bc1 b4 28. Rf3 Rf5 29. Rdf1 (29. Rxf5 exf5 30. Qh3 Nf2 31. Qxf5 Nxd1 32. Qf7+
Kd8 33. Bxd1 $44) 29... Rcf8 {Both sides struggling toughly for gaining
control over the "f"-file.} 30. Bg4 R5f7 31. Rxf7+ Rxf7 32. Rxf7+ Kxf7 33. Qf3+
Ke7 34. Qh3 {Black queen is too far from main place of action that prompts the
proceeding of white forces to the heart of black defence.} Kd7 35. Qxh6 $16 Be7
36. Qh8 a5 37. Qb8 $1 {White queen is tireless!Its acting over the all board.}
a4 38. Nd4 $1 {Decisive jump of white knight.Black are hopeless.} Nc5 (38...
Qxd4 39. Qxb7+ Ke8 40. Qc8+ Kf7 41. Bxe6+ $18) 39. Qg8 {[%csl Re6][%cal Yg4e6,
Yd4e6,Yg8e6,Rc5e6,Rb6e6,Rd7e6] Black loosing the root of their defence and
with it all the game.} b3 40. Bxg5 bxc2+ 41. Kxc2 Qb4 42. Qf7 {[%cal Yf7e7,
Yg5e7]} Qc4+ 43. Kb1 $18 1-0

[Event "Presov 2nd"]
[Site "Presov"]
[Date "2000.08.13"]
[Round "2"]
[White "Kalod, Radek"]
[Black "Kovalev, Andrei"]
[Result "0-1"]
[WhiteElo "2483"]
[BlackElo "2537"]
[Annotator "Gofshtein,L"]
[PlyCount "92"]
[EventDate "2000.08.12"]
[EventType "tourn"]
[EventRounds "9"]
[EventCountry "SVK"]
[EventCategory "10"]
[SourceTitle "CBM 079"]
[Source "ChessBase"]
[SourceDate "2000.11.21"]
[SourceVersion "1"]
[SourceVersionDate "2000.11.21"]
[SourceQuality "1"]

1. e4 c5 2. Nf3 Nc6 3. d4 cxd4 4. Nxd4 Nf6 5. Nc3 d6 6. Bg5 a6 7. Qd2 Qb6 8.
Nb3 e6 9. O-O-O Qc7 (9... Be7 {-mainline}) 10. f4 ({for another continuations:
} 10. Be2 $5 {-see comments to the game 1-0 Mrva,M-Kalod,R/Presov 2000/CBM
79_02 (56) [Gofshtein,L]}) 10... b5 11. Bxf6 (11. Kb1 Be7 (11... b4 12. Bxf6
gxf6 13. Ne2 $14 (13. Na4 $2 Bd7 14. Qe3 {[%cal Ga4b6]} Rb8 {[%csl Ra4]} 15.
Nd2 Na5 16. b3 Bxa4 17. bxa4 Bg7 18. f5 $15 {0-1 Williams,L-Spraggett,K/Quebec
1986/EXT 97 (48)})) (11... Bb7 12. Bd3 O-O-O 13. Bh4 Be7 14. Bf2 g5 15. g3 Rhg8
16. Qe2 $132 {1/2-1/2 Klovans,J-Lutikov,A/Rostov 1976/MCD (43)}) 12. Bxf6 gxf6
13. Ne2 {see comments to the game 1/2-1/2 Bologan,V-Sakaev,K/Kishinev 1998/CBM
64 (47) [Gofshtein,L]}) (11. Be2 $5 {[%cal Ge2h5,Gg5f6] This interesting idea
is also possible to apply on the previous move - 10.Be2 - see comments to the
10-th move.} Bb7 12. Bxf6 gxf6 13. Bh5 $5 O-O-O 14. Kb1 Kb8 15. a3 $14 {
1/2-1/2 Sulskis,G-Cmilyte,V/Vilnius 1999/EXT 2000 (32)}) 11... gxf6 12. g3 (12.
Kb1 Bb7 13. g3 O-O-O 14. Bh3 Kb8 15. f5 Bc8 16. Rhf1 Be7 17. Qe2 $14 {1-0 Gara,
A-Cmilyte,V/Oropesa del Mar 1999/CBM 72 ext (49)}) 12... h5 13. Kb1 Bd7 $1 {
This is interesting and good idea. .Bd7 continues to control e6P.  Black's
plan is to remain K on e8 - without 0-0-0.} (13... Bb7 $14 {[%csl Re6][%cal
Gf4f5,Gf1h3]}) 14. Bh3 b4 15. Ne2 Qb6 ({Possible also} 15... a5 16. Nbd4 Nxd4
17. Nxd4 Rc8 $132) 16. Ned4 Nxd4 17. Nxd4 {White N left b3-square without
a6-a5 and a5-a4.} Rc8 18. Rhe1 h4 $5 19. Bg2 (19. Rg1 hxg3 20. Rxg3 $132 {
[%cal Gh8h3]}) ({In spirit of position was} 19. g4 {[%csl Rh8] Rg8 is isolated
from the main black forces.} Rg8 20. Nf3 Ba4 21. Rc1 Bc6 22. Nd4 ({Or} 22. Qd3
Bh6 23. g5 (23. Qxd6 $4 Rd8 $19 {[%csl Rd6]}) 23... fxg5 24. fxg5 Bf8 25. Rg1
d5 $132) 22... Bd7 $132) 19... a5 20. Re3 (20. g4 $5 $132) 20... hxg3 21. hxg3
Rh2 22. Rd3 (22. Re2 a4 23. Bf3 $132) 22... Rc3 $5 23. Nf3 (23. Qe2 Rxd3 (23...
Rc7 $132) 24. Rxd3 a4 (24... Bb5 25. Nxb5 Qg1+ 26. Rd1 Rxg2 27. Qd3 Qc5 28. Nd4
$11) 25. Rd1 a3 26. Nf3 Rh8 $15) (23. bxc3 $4 bxc3+ $19) 23... Rxd3 24. cxd3
Rh8 25. d4 {Position is equal, but Black wants to complicate the game and to
win.} Rg8 {[%csl Rg3][%cal Gg8g3]} 26. Qe1 {[%cal Ge1g3]} Be7 27. Bh3 ({
Good was also} 27. d5 e5 28. Rd2 {[%cal Gd2g2]} a4 29. Bf1 $132) 27... Rh8 28.
Bg2 Qb5 (28... Rg8 $11) 29. Qf2 $6 {Too passive.} ({Right was} 29. d5 $5 $132)
29... b3 $1 (29... f5 30. e5 (30. exf5 Qxf5+ 31. Ka1 Qg6 {[%csl Rg3][%cal
Gh8g8]} 32. Rg1 Bf6 33. Qe3 (33. d5 exd5 34. Nd4 Qd3 $17) 33... Kf8 (33... Qxg3
$4 34. Bf1 {[%csl Rg3]}) 34. Ng5 Qg7 35. Rd1 d5 $17) 30... Bc6 $15) 30. Bf1 $2
$17 {Weakening Kb1.} ({Necessary was} 30. a3 $1 f5 (30... d5 31. exd5 exd5 32.
Nh4 $11) (30... Rg8 31. Bf1 $132) 31. Bf1 Qb7 32. exf5 Bc6 33. Nd2 (33. fxe6
Bxf3 34. exf7+ Kxf7 35. Bc4+ Kg7 (35... Bd5 $4 36. Qf3 $18) 36. Re1 Be4+ 37.
Ka1 d5 $19) 33... exf5 $132) 30... bxa2+ 31. Ka1 Qb7 32. Bd3 a4 $1 {[%csl Ra1]
[%cal Ga4a3]} 33. Nd2 (33. Rc1 a3 34. bxa3 Qb3 35. Qd2 Qxa3 36. Qc3 Qxc3+ 37.
Rxc3 Rg8 $17 {[%csl Rg3]}) 33... d5 $1 {[%csl Gc4,Rd2,Rd3,Rd4,Ge4] Restricting
White pieces or weakening Pd4.} 34. exd5 (34. e5 f5 $17 {[%csl Rd2,Rd3]} (34...
a3 35. b3 f5 36. Kxa2 Bb5 37. Bxb5+ Qxb5 38. Rc1 Kd7 39. Nf3 $15)) 34... Qxd5
35. Nc4 (35. Bc4 Qc6 36. Kxa2 a3 37. bxa3 (37. b3 f5 $17) 37... Bxa3 $1 $17)
35... Qb7 ({Not bad was also} 35... f5 36. Ne5 Bb5 37. Bxb5+ Qxb5 38. Qc2 Kf8
39. Kxa2 (39. d5 Qb3 $1 40. Qxb3 axb3 41. dxe6 Rh3 42. Nxf7 Bf6 43. Nd6 Rh2 {
[%csl Rb2]} 44. Nc4 Rc2 45. Ne5 Bxe5 46. fxe5 Ke7 47. Rg1 Re2 48. Rh1 Rg2 49.
Rh7+ Kxe6 50. Rh6+ Kxe5 51. Rh1 Ke4 (51... Rxg3 $4 52. Re1+ Kd6 53. Re6+ $11)
52. g4 (52. Re1+ Kd3 53. Rd1+ Ke2 54. Rh1 Rf2 $19) 52... f4 $19) 39... Kg7 (
39... Rh2 40. Qxh2 Qb3+ 41. Kb1 Qxd1+ 42. Ka2 Kg7 43. g4 f6 44. Nc6 fxg4 45.
Nxe7 Qxd4 $17) 40. Rc1 a3 41. b3 Qd5 $17) 36. Rc1 Kf8 37. Qe2 (37. Be2 $17)
37... Qa7 38. d5 $4 $19 {The last mistake in the game. This pawn sacrifice is
based on wrong calculation or it's just a tactical blunder.} ({Right was} 38.
Qf2 a3 39. b3 $17) 38... exd5 $1 39. Ne3 a3 40. Nxd5 axb2+ 41. Qxb2 Bc5 $1 {
[%csl Ra1,Rb2][%cal Gc5d4] Once passive Be7 is jumping to the center creating
decisive threats...} (41... Be6 $4 42. Nxe7 Qxe7 43. f5 Bd5 44. Bc4 Bxc4 45.
Rxc4 Rh1+ 46. Kxa2 $11) 42. Qxa2 Bd4+ 43. Nc3 Qc5 $1 {[%csl Rc3]} 44. Kb1 Qb4+
45. Qb2 Bxc3 46. Rxc3 Rh1+ (46... Rh1+ 47. Rc1 Rxc1+ 48. Kxc1 Qe1+ 49. Kc2 Ba4+
$19) 0-1